000 01269nam a22002177a 4500
999 _c61790
_d61790
005 20251125233056.0
008 s2552 th ||||| |||| 00| 0 tha d
020 _a9789747710298
040 _aNALT
090 _aKP143 บ254ค 2552
245 1 0 _aคู่มือแนวทางและขั้นตอนคำนวณราคากลางงานก่อสร้างของทางราชการ
260 3 _aกรุงเทพฯ :
_bสำนักพิมพ์คณะรัฐมนตรีและราชกิจจานุเบกษา,
_c2552
300 _a242 หน้า :
_b ตาราง ;
_c 26 ซม.
610 _aกรมบัญชีกลาง. คณะกรรมการจัดทำหนังสือเพื่อจำหน่าย
650 0 4 _aการก่อสร้าง -- การคำนวณราคากลาง -- กฎหมายและระเบียบข้อบังคับ
650 0 4 _aการก่อสร้าง -- การประมาณราคา
850 _aNALT
856 4 0 _uhttps://hdl.handle.net/20.500.14156/302100
942 _cLB
_2lcc